000 00235nam a22000977a 4500
003 SGT
245 _aInternational Journal of Mechanical Engineering and Technology
260 _bIAEME PUBLICATION
_c2020
300 _a400
942 _2ddc
_cBV
999 _c29154
_d29154